| 000 | 02634cam a22005414i 4500 | ||
|---|---|---|---|
| 003 | PE-LiUPU | ||
| 005 | 20250731180134.0 | ||
| 008 | 150625s2005 mx a rb 000 0 spa d | ||
| 020 | _a9701053761 | ||
| 020 | _a9789701053768 | ||
| 035 | _a(Sirsi) i9789701053768 | ||
| 040 |
_aPE-LiUPU _bspa _cPE-LiUPU _erda _dPE-LiUPU _erda |
||
| 049 | _aPRUA | ||
| 082 | 0 | 4 |
_a574.87 _bK23 _221 |
| 100 | 1 |
_aKarp, Gerald, _eautor. |
|
| 245 | 1 | 0 |
_aBiología celular y molecular : _bconceptos y experimentos / _cGerald Karp. |
| 250 | _aCuarta Edición. | ||
| 264 | 1 |
_aMéxico : _bMcGraw-Hill Interamericana, _c2005. |
|
| 300 |
_a899 páginas : _bilustraciones ; _c27 centímetros |
||
| 336 |
_atext _2rdacontent |
||
| 337 |
_aunmediated _2rdamedia |
||
| 338 |
_avolume _2rdacarrier |
||
| 504 | _aIncluye bibliografía. | ||
| 505 | 0 | _aIntroducción al estudio de la biología celular y molecular -- Las bases químicas de la vida -- Bioenergética, enzimas y metabolismo -- La estructura y función de la membrana plasmática -- La respiración aeróbica y la membrana plasmática -- La fotosíntesis y el cloroplasto -- Interacciones entre las células y su ambiente -- Sistema de membrana ciltoplásmica: estructura, función y tránsito en la membrana -- El citoesqueleto y la movilidad celular -- Naturaleza del gen y el genoma -- Expresión del material genético: de la transcripción a la traducción -- El núcleo celular y el control de la expresión génica -- Replicación y repiración del DNA -- Reproducción celular -- Señalización celular y transducción de señales: comunición entre las células -- Cáncer -- La reacción inmunitaria -- Técnicas en biología calular y molecular. | |
| 526 | _aSEG44 | ||
| 526 | _aSEG26 | ||
| 526 | _aP159 | ||
| 526 | _aP155 | ||
| 526 | _aP154 | ||
| 526 | _aP153 | ||
| 526 | _aP150 | ||
| 526 | _aP100 | ||
| 526 | _aP31 | ||
| 526 | _aP30 | ||
| 526 | _aP26 | ||
| 526 | _aP25 | ||
| 526 | _aP24 | ||
| 526 | _aP22 | ||
| 526 | _aP15 | ||
| 526 | _aP10 | ||
| 541 | _g002-0000277; | ||
| 650 | 0 | 4 | _aBiología celular. |
| 942 |
_2ddc _cBOOK |
||
| 949 |
_a574.87 K23 _wDEWEY _c1 _i57400 _d2016-9-26 _e2016-9-14 _lCCODEBUL1 _mBUL _n13 _p89.00 _r0 _sY _tBOOK _u2015-6-25 _xSALUD _PP22 _0COMPRA _o.STAFF. Colección General |
||
| 994 |
_aC0 _bPEPRU |
||
| 596 | _a1 | ||
| 999 |
_a574.87 K23 _wDEWEY _c46465 _i57400 _d46465 _e2022-6-7 _f2021-11-5 _g5 _lCCODEBUL1 _mBUL _n37 _p89.00 _q22 _r0 _sY _tBOOK _u2015-6-25 _xBIBLIOTECA _PP22 _0COMPRA _o.STAFF. Colección Ciencias de la Salud |
||
| 980 |
_81 _gALBERTO SANCHEZ Responsable de Automatización |
||